000 00494nam a2200181Ia 4500
008 180620s9999 xx 000 0 und d
020 _a81-7245-039-7
050 _aREF HF 5718.3
050 _b.N45 [200-?]
100 _aNelson, Jens.
245 0 _aHow to write impressive business letters /
245 0 _cJens Nelson.
260 _aNew Delhi :
260 _bGoodwill Publishing,
300 _a263 pages :
300 _c22 cm.
650 _aBusiness writing -- Handbooks, manuals, etc.
999 _c358010
_d358010